[Event "ch-IRI"]
[Site "Tehran IRI"]
[Date "2005.09.12"]
[Round "2"]
[White "Soozankar,A"]
[Black "Darban,M"]
[Result "0-1"]
[WhiteElo "2251"]
[BlackElo "2397"]

1.e4 g6 2.d4 d6 3.Nc3 Bg7 4.Be3 Nf6 5.f3 c6 6.Qd2 b5 7.g4 h5 8.g5 Nfd7 9.f4 Bb7
10.Nf3 b4 11.Nd1 c5 12.Nf2 O-O 13.Bg2 Nc6 14.O-O cxd4 15.Nxd4 Qc7 16.c3 bxc3
17.Qxc3 Rfc8 18.Rac1 Qd8 19.Nxc6 Bxc6 20.Qd2 a6 21.Nd3 Bb7 22.b3 Rxc1 23.Rxc1 Rc8
24.Rc2 Rxc2 25.Qxc2 Qa5 26.b4 Qd8 27.Nb2 Qa8 28.Nc4 Qc8 29.Qd3 Bc6 30.Na3 Qb7
31.Nc2 Bb5 32.Qd2 Nb6 33.Na3 Bc6 34.Qc2 Na4 35.Bd2 Bd4+ 36.Kh1 Nb6 37.Qd3 e5
38.Be3 Bxe3 39.Qxe3 exf4 40.Qxf4 d5 41.Nc2 dxe4 42.Ne3 Nd5 43.Qxe4 Nxb4 44.Qc4 Bxg2+
45.Nxg2 Qf3 46.h4 Nd3 47.Qxa6 Ne1  0-1

[Event "ch-IRI"]
[Site "Tehran IRI"]
[Date "2005.09.14"]
[Round "4"]
[White "Toufighi,H"]
[Black "Darban,M"]
[Result "1/2-1/2"]
[WhiteElo "2170"]
[BlackElo "2397"]

1.e4 g6 2.d4 d6 3.Nc3 Bg7 4.Bg5 Nc6 5.Nge2 Nf6 6.f3 h6 7.Be3 e5 8.Qd2 exd4
9.Nxd4 Nxd4 10.Bxd4 Be6 11.O-O-O O-O 12.h4 Nh5 13.Ne2 Bxd4 14.Nxd4 Kg7 15.g4 Ng3
16.Rg1 Nxf1 17.Rdxf1 Qd7 18.Rf2 Kh7 19.h5 g5 20.f4 f6 21.Rgf1 Bc4 22.fxg5 hxg5
23.Re1 Rae8 24.b3 Bg8 25.Qd3 Kh8 26.Ref1  1/2-1/2

[Event "Geller mem Open A"]
[Site "Odessa UKR"]
[Date "2005.09.15"]
[Round "1"]
[White "Khazankin,M"]
[Black "Matjushin,G"]
[Result "0-1"]
[WhiteElo "2139"]
[BlackElo "2443"]

1.e4 d6 2.d4 g6 3.Nc3 Bg7 4.f4 Nf6 5.Nf3 O-O 6.Bc4 Nxe4 7.Nxe4 d5 8.Bd3 dxe4
9.Bxe4 Nd7 10.c3 c5 11.O-O Nf6 12.Bc2 Qc7 13.Qe2 Nd5 14.dxc5 Qxc5+ 15.Kh1 Bg4
16.h3 Bd7 17.Ne5 Bb5 18.Bd3 Bxd3 19.Nxd3 Qc4 20.Be3 Rfd8 21.Rfd1 Qe4 22.Re1 Nxe3
23.Rad1 Qxg2+ 24.Qxg2 Nxg2 25.Kxg2 e6 26.Nc5 Rab8 27.Nd7 Rbc8 28.Rd3 Bf8
29.Red1 Be7 30.Kf3 f6 31.c4 Kf7 32.b4 Ke8 33.c5 Rc7 34.c6 Rxc6 35.b5 Rc7
36.b6 axb6 37.Nxb6 Rxd3+ 38.Rxd3 Rc6 39.Nd7 b5 40.Nb8 Rb6  0-1

[Event "ProMoPro Open"]
[Site "Prague CZE"]
[Date "2005.09.16"]
[Round "2"]
[White "Nemcova,Kr"]
[Black "Kubikova,H"]
[Result "0-1"]
[WhiteElo "2009"]
[BlackElo "2125"]

1.e4 g6 2.d4 Bg7 3.Nc3 d6 4.Be3 c6 5.Qd2 Nf6 6.f3 O-O 7.Bh6 e5 8.Bxg7 Kxg7
9.O-O-O Qa5 10.h4 h5 11.Nh3 b5 12.Kb1 Nbd7 13.Nf2 Nb6 14.b3 Be6 15.g3 Rab8
16.Ka1 Rfc8 17.Bh3 Bxh3 18.Rxh3 b4 19.Ne2 c5 20.dxe5 dxe5 21.Nd3 c4 22.Qxb4 Qa6
23.Ndc1 Nbd5 24.Qd2 c3 25.Qg5 Qa3 26.Nd3 Nb4 27.Nec1 Nxc2+ 28.Kb1 Nb4 29.Ka1 Nxd3
30.Nxd3 Rd8 31.Rh2 Rb6 32.Rc2 Qa5 33.Kb1 Rbd6 34.Qe3 Rd4 35.Qe2 Ne8 36.Nf2 Nc7
37.Rd3 Nb5 38.Ka1 Rxd3 39.Nxd3 Nd4 40.Qf2 Nxb3+ 41.Kb1 Rxd3 42.axb3 Rd1+  0-1

[Event "4th Kesarovski - Georgiev Memorial"]
[Site "Sunny Beach BUL"]
[Date "2005.09.16"]
[Round "1"]
[White "Sotirov,N"]
[Black "Chatalbashev,B"]
[Result "0-1"]
[WhiteElo "2140"]
[BlackElo "2499"]

1.e4 g6 2.d4 Bg7 3.Nc3 d6 4.Be3 a6 5.Qd2 b5 6.f3 Nd7 7.h4 h5 8.O-O-O Nb6
9.Nh3 Bxh3 10.Rxh3 Qd7 11.Kb1 Rb8 12.Bd3 Nf6 13.e5 Nfd5 14.Nxd5 Nxd5 15.Bg5 b4
16.Re1 dxe5 17.dxe5 e6 18.Ka1 a5 19.Bc4 a4 20.f4 c6 21.f5 gxf5 22.Rg3 Qc7
23.Qe2 a3 24.Bxd5 axb2+ 25.Kxb2 cxd5 26.Bd2 Bf8 27.Qa6 Bc5 28.Qa4+ Qd7 29.Qxd7+ Kxd7
30.Rg7 Ke8 31.Bg5 Bf8  0-1

[Event "EYb16"]
[Site "Herceg Novi SCG"]
[Date "2005.09.17"]
[Round "4"]
[White "Olszewski,Mi"]
[Black "Monsieux,C"]
[Result "1-0"]
[WhiteElo "2399"]
[BlackElo "2206"]

1.e4 g6 2.d4 Bg7 3.Nc3 d6 4.g3 e5 5.dxe5 Bxe5 6.Nf3 Bg4 7.h3 Bxf3 8.Qxf3 c6
9.Bg2 Qf6 10.Qd3 Nd7 11.Be3 Qe6 12.O-O Nc5 13.Qd2 Nf6 14.f4 Bxc3 15.Qxc3 O-O
16.f5 gxf5 17.Bxc5 Nxe4 18.Bxe4 fxe4 19.Rf6 Qxh3 20.Bxd6 Rfe8 21.Rd1 e3 22.Rxf7 Qh6
23.Qc4 Kh8 24.Bb4  1-0

[Event "EYg18"]
[Site "Herceg Novi SCG"]
[Date "2005.09.17"]
[Round "4"]
[White "Vega Gutierrez,S"]
[Black "Gilbert,Je"]
[Result "1/2-1/2"]
[WhiteElo "2262"]
[BlackElo "2151"]

1.e4 g6 2.d4 Bg7 3.Nc3 d6 4.f4 a6 5.a4 Nd7 6.Nf3 c5 7.d5 Nh6 8.Be2 Nf8 9.O-O Bg4
10.Qe1 Nd7 11.e5 O-O 12.e6 fxe6 13.Ng5 Bf5 14.Bd3 e5 15.Bxf5 Rxf5 16.Ne6 Qb6
17.a5 Qa7 18.Nxg7 Kxg7 19.fxe5 Rxf1+ 20.Qxf1 Nxe5 21.Bxh6+ Kxh6  1/2-1/2

[Event "Open"]
[Site "Bucharest ROM"]
[Date "2005.09.18"]
[Round "3"]
[White "Grigore,N"]
[Black "Bogdan,D"]
[Result "1/2-1/2"]
[WhiteElo "2367"]
[BlackElo "2455"]

1.e4 g6 2.d4 Bg7 3.Nc3 d6 4.Nf3 a6 5.a4 Nc6 6.Be2 Nf6 7.O-O O-O 8.Bf4 Bg4
9.d5 Nb8 10.h3 Bxf3 11.Bxf3 Nbd7 12.Qd2 c6 13.dxc6 bxc6 14.a5 Qc7 15.b4 Rfb8
16.Na4 Qb7 17.c3 Re8 18.c4 h6 19.Rab1 Kh7 20.Qc2 h5 21.Rfc1 Bh6 22.Bxh6 Kxh6
23.c5 Ne5 24.Be2 Kg7 25.f4 Ned7 26.Qc3 e5 27.Bf3 dxc5 28.bxc5 Qc7 29.f5 gxf5
30.exf5 e4 31.Bxh5 Qf4 32.Nb6 Rad8 33.Rf1 Qe5 34.Qxe5 Rxe5 35.Nxd7 Rxd7 36.Be2 Rxc5
37.Ra1 Rdd5 38.Bxa6 Rxa5 39.Bb7 Rxa1 40.Rxa1 Rxf5 41.Bxc6 Rc5 42.Ba8 Kg6
43.Ra7 Re5 44.Kf2 Nh5 45.Ke3  1/2-1/2

[Event "EYb18"]
[Site "Herceg Novi SCG"]
[Date "2005.09.18"]
[Round "5"]
[White "Jones,G"]
[Black "Nithander,V"]
[Result "1/2-1/2"]
[WhiteElo "2442"]
[BlackElo "2232"]

1.e4 g6 2.d4 Bg7 3.Nc3 d6 4.Be3 a6 5.a4 b6 6.Nf3 e6 7.Qd2 h6 8.Bd3 Ne7 9.Ne2 Bb7
10.Ng3 Nd7 11.a5 b5 12.c4 bxc4 13.Bxc4 Nf6 14.Qc2 d5 15.Bb3 O-O 16.e5 Ne4
17.Nxe4 dxe4 18.Nd2 Nf5 19.Qc3 c5 20.dxc5 Nxe3 21.Qxe3 Bxe5 22.Nc4 Bd4 23.Qxh6 Bxc5
24.O-O Bd5 25.Rac1 Bd4 26.Qd2 Bg7 27.Ba4 Qh4 28.Qe2 Rab8 29.b3 Rfc8 30.Rfd1 Bxc4
31.Rxc4 Rd8 32.Rcc1 Bd4 33.Rf1 Kg7 34.g3 Qg5 35.Qxe4 Qxa5 36.Rc6 Rb6 37.Rc7 Qe5
38.Qxe5+  1/2-1/2

[Event "EYg18"]
[Site "Herceg Novi SCG"]
[Date "2005.09.20"]
[Round "6"]
[White "Melia,S"]
[Black "Purtseladze,M"]
[Result "1-0"]
[WhiteElo "2305"]
[BlackElo "2313"]

1.e4 g6 2.d4 Bg7 3.Nc3 d6 4.g3 Nd7 5.Bg2 c5 6.Nge2 cxd4 7.Nxd4 Ngf6 8.O-O O-O
9.h3 Ne5 10.f4 Nc6 11.Be3 Nd7 12.Kh2 Nxd4 13.Bxd4 e5 14.Be3 exf4 15.gxf4 Nb6
16.Bd4 f5 17.Bxg7 Kxg7 18.Qd4+ Qf6 19.Rad1 fxe4 20.Qxf6+ Rxf6 21.Nxe4 Re6
22.Nxd6 Re2 23.Rfe1 Rxc2 24.Re7+ Kg8 25.Re8+ Kg7 26.Rde1 Bf5 27.R1e7+ Kh6
28.Nf7+ Kh5 29.Kg3 Rxg2+ 30.Kxg2 Rxe8 31.Rxe8 Kh4 32.Ng5 Nd5 33.Nf3+ Kh5
34.Kg3 Kh6 35.Rb8 Nf6 36.Ng5  1-0

[Event "It"]
[Site "Klaksvik FAI"]
[Date "2005.09.22"]
[Round "8"]
[White "Fries Nielsen,JO"]
[Black "Eriksson,Joh"]
[Result "1-0"]
[WhiteElo "2381"]
[BlackElo "2423"]

1.d4 g6 2.e4 Bg7 3.Nc3 d6 4.h3 Nf6 5.g4 h5 6.g5 Nfd7 7.Be3 e5 8.d5 a6 9.Nf3 b5
10.a3 Nb6 11.Rg1 O-O 12.Nh4 Re8 13.Be2 N8d7 14.Bxh5 gxh5 15.Qxh5 Nf8 16.g6 fxg6
17.Nxg6 Nxg6 18.Rxg6 Re7 19.O-O-O Bd7 20.Qh4 Rf7 21.Qg3 Qf8 22.Rg1 Re8 23.Qh4 Qe7
24.Qh5 Rf6 25.Bh6 Rxg6 26.Rxg6 Rf8 27.Bxg7 Qxg7 28.Qg5 Rf7 29.Qd8+ Kh7 30.Rxg7+ Rxg7
31.Qxc7 Nc4 32.b3 Bxh3 33.Qd8 Rg1+ 34.Nd1 Bg4 35.bxc4 Bxd1 36.Qh4+ Kg6 37.Qh2  1-0

[Event "EYg16"]
[Site "Herceg Novi SCG"]
[Date "2005.09.23"]
[Round "9"]
[White "Romanova,M"]
[Black "Foisor,S"]
[Result "0-1"]
[WhiteElo "2025"]
[BlackElo "2230"]

1.e4 g6 2.d4 Bg7 3.Nc3 d6 4.Be3 a6 5.f4 b5 6.a3 Nd7 7.Nf3 Bb7 8.Qd2 Rc8 9.O-O-O c5
10.dxc5 Nxc5 11.Bd4 Nf6 12.e5 Nfe4 13.Qe3 Nxc3 14.Bxc3 O-O 15.Bd3 Qb6 16.Qd2 Bxf3
17.gxf3 dxe5 18.Kb1 Nxd3 19.cxd3 exf4  0-1

[Event "Open"]
[Site "Bucharest ROM"]
[Date "2005.09.24"]
[Round "9"]
[White "Murariu,A"]
[Black "Nanu,C"]
[Result "1/2-1/2"]
[WhiteElo "2435"]
[BlackElo "2434"]

1.e4 g6 2.d4 Bg7 3.Nc3 d6 4.Nf3 Nf6 5.Be2 O-O 6.O-O c5 7.d5 Na6 8.h3 Nc7
9.a4 e6 10.Bc4 exd5 11.exd5 Re8 12.Re1 Rxe1+ 13.Qxe1 Bf5 14.g4 Bd7 15.Bf4 Qf8
16.Qd2 Re8 17.Re1 Rxe1+ 18.Qxe1 a6 19.a5 Nb5 20.Nd2 Nxc3 21.bxc3 Bb5 22.Bb3 Qd8
23.c4 Be8 24.Qe3 h6 25.Kf1 Bf8 26.Qc3 Qe7 27.Qe3 Qxe3 28.Bxe3 Bd7 29.Bf4 Ne8
30.f3 f5 31.Ke2 g5 32.Bg3 Be7 33.gxf5 Bxf5 34.Ne4 Bd7 35.Kf2 Kf7 36.Kg2 Bf8
37.h4 gxh4 38.Bxh4 Ng7 39.Bg3 Nf5 40.Bf4 Ke7 41.c3 Kf7 42.Kf2 Be7 43.Bc2 Ke8
44.Kg1 Kd8 45.Bd3 Kc8 46.Bf1 b6 47.Bh3 Nh4 48.Bxd7+ Kxd7 49.axb6 Nxf3+ 50.Kf2 Ng5
51.Nxc5+ Kc8 52.Na4 Nh3+ 53.Kg3 Nxf4 54.Kxf4 h5 55.Kf5 h4 56.Kg4 Kb7 57.Kh3 Bd8
58.c5 dxc5 59.Nxc5+ Kxb6  1/2-1/2

[Event "TCh-NED 2005-6"]
[Site "Netherlands NED"]
[Date "2005.09.24"]
[Round "1"]
[White "Brandenburg,D"]
[Black "Piket,M"]
[Result "1/2-1/2"]
[WhiteElo "2371"]
[BlackElo "2338"]

1.e4 g6 2.d4 Bg7 3.Nc3 d6 4.Be3 a6 5.a4 b6 6.h3 Bb7 7.g4 e6 8.Bg2 Ne7 9.Nge2 Nd7
10.O-O c5 11.Qd2 Qc7 12.Bh6 O-O 13.Rad1 Rad8 14.Bxg7 Kxg7 15.Qg5 Rfe8 16.dxc5 dxc5
17.Ng3 Kh8 18.h4 Nc6 19.Nce2 f6 20.Qe3 Nde5 21.g5 Rxd1 22.Rxd1 Rd8 23.Rxd8+ Qxd8
24.Qf4 Kg7 25.b3 b5 26.axb5 axb5 27.Bh3 fxg5 28.hxg5 Qxg5 29.Bxe6 Nd4  1/2-1/2

[Event "2nd Highlands Open A"]
[Site "Havlickuv Brod CZE"]
[Date "2005.09.25"]
[Round "2"]
[White "Siebenburger,V"]
[Black "Routner,J"]
[Result "0-1"]
[WhiteElo "2173"]
[BlackElo "2070"]

1.e4 g6 2.d4 Bg7 3.Nc3 d6 4.Be3 Nc6 5.d5 Ne5 6.f4 Nd7 7.Bd4 f6 8.Nf3 c5 9.Bf2 Nh6
10.Qd2 a6 11.a4 Qa5 12.h4 Ng4 13.h5 f5 14.hxg6 Nxf2 15.Kxf2 Nf6 16.exf5 Bxf5
17.Bd3 Ng4+ 18.Kg3 hxg6 19.Nh4 Rg8 20.Kf3 Nh6 21.Nxg6 c4 22.Qe3 Bf6 23.Ne4 Qxd5
24.Rxh6 cxd3 25.c4 Qe6 26.Nh4 Bxe4+ 27.Qxe4 Rg3+ 28.Kxg3 Qxe4 29.Nf3 O-O-O  0-1

[Event "2nd Highlands Open A"]
[Site "Havlickuv Brod CZE"]
[Date "2005.09.29"]
[Round "6"]
[White "Simacek,P"]
[Black "Vokac,M"]
[Result "1/2-1/2"]
[WhiteElo "2453"]
[BlackElo "2441"]

1.e4 g6 2.d4 Bg7 3.Nc3 d6 4.Be3 a6 5.f4 Nd7 6.e5 Nh6 7.Nf3 O-O 8.Qd2 c5 9.O-O-O Nf5
10.g4 Nxd4 11.Nxd4 cxd4 12.Bxd4 dxe5 13.Bxe5 Bxe5 14.fxe5 Qa5 15.Nd5 Qxd2+
16.Rxd2 Nxe5 17.Nxe7+ Kg7 18.Nxc8 Raxc8 19.Bg2 Rc7 20.g5 Re8 21.b3 h6  1/2-1/2

[Event "Open A"]
[Site "Hamburg GER"]
[Date "2005.10.01"]
[Round "1"]
[White "Fegebank,F"]
[Black "Zielinska,Mar"]
[Result "0-1"]
[WhiteElo "2051"]
[BlackElo "2398"]

1.e4 d6 2.d4 g6 3.Nc3 Bg7 4.h4 h6 5.Be3 Nd7 6.Be2 e6 7.Qd2 Ne7 8.Nh3 a6 9.h5 g5
10.f4 gxf4 11.Nxf4 b5 12.a3 Bb7 13.Bg4 Nf8 14.O-O-O Nc8 15.Qf2 Qe7 16.Bf3 Nb6
17.e5 Bxf3 18.Qxf3 Nfd7 19.Nd3 dxe5 20.dxe5 O-O 21.Qg4 Kh8 22.Ne4 Nc4 23.Bd4 Rfd8
24.Qf4 Rac8 25.Rhf1 c5 26.Bc3 Ndb6 27.Qxf7 Qxf7 28.Rxf7 Na4 29.Ra7 Nxc3 30.Nxc3 b4
31.axb4 cxb4 32.Nxb4 Rxd1+ 33.Nxd1 Bxe5 34.Rxa6 Bf4+ 35.Kb1 e5 36.Nd3 Bg5
37.b3 Nd2+ 38.Kb2 e4 39.Ne5 Kg7 40.Ra7+  0-1

[Event "2nd Highlands Open A"]
[Site "Havlickuv Brod CZE"]
[Date "2005.10.01"]
[Round "8"]
[White "Kanovsky,D"]
[Black "Vokac,M"]
[Result "0-1"]
[WhiteElo "2328"]
[BlackElo "2441"]

1.e4 g6 2.d4 Bg7 3.Nc3 d6 4.Be3 a6 5.Qd2 Nd7 6.a4 b6 7.h4 h6 8.d5 Ngf6 9.f3 Bb7
10.Nge2 c6 11.dxc6 Bxc6 12.Nd4 Bb7 13.O-O-O Qc7 14.g4 Ne5 15.h5 g5 16.Nf5 Kf8
17.Be2 b5 18.Kb1 bxa4 19.Rhf1 a3 20.b3 Rh7 21.Bd4 Rc8 22.Bxe5 dxe5 23.Bc4 Kg8
24.Nd5 Bxd5 25.exd5 Bf8 26.Ka2 Rd8 27.Qe2 a5 28.Rfe1 e4 29.d6 exd6 30.fxe4 Nd7
31.Ne3 d5 32.Bxd5 a4 33.Nc4 axb3+ 34.cxb3 Nc5 35.Nxa3 Nxb3 36.Kxb3 Bxa3 37.Kxa3 Rb8
38.Qc4 Qe7+  0-1

[Event "NK Rapid"]
[Site "Vlaardingen NED"]
[Date "2005.10.01"]
[Round "4"]
[White "Dgebuadze,A"]
[Black "Welling,G"]
[Result "0-1"]
[WhiteElo "2535"]
[BlackElo "2399"]

1.e4 g6 2.d4 Bg7 3.Nc3 d6 4.Be3 a6 5.a4 b6 6.Nf3 Nd7 7.Bc4 e6 8.Ng5 h6 9.Nh3 Ne7
10.f4 Bb7 11.O-O d5 12.exd5 exd5 13.Bd3 Nf6 14.f5 g5 15.Kh1 Nc8 16.Ng1 Nd6
17.Nf3 Nde4 18.Ne5 Qd6 19.Nxe4 dxe4 20.Bc4 Bd5 21.Qe2 Bxc4 22.Nxc4 Qd5 23.Rad1 b5
24.axb5 axb5 25.Na3 c6 26.c4 bxc4 27.Nxc4 Rb8 28.Bf2 O-O 29.Bg3 Rb4 30.Rc1 Rd8
31.Be5 Rb3 32.Qc2 Rd3 33.h3 Nh5 34.f6 Bf8 35.Qe2 Qxe5 36.Qxd3 Ng3+ 37.Kg1 exd3
38.dxe5 d2 39.Rcd1 Bc5+ 40.Rf2 Ne4 41.Kf1 Bxf2 42.Ke2 Be1 43.Ne3 Rb8 44.Kf3 Nf2
45.Rb1 Rb3 46.Ke2 Rxe3+ 47.Kxe3 d1=Q 48.Rxd1 Nxd1+ 49.Ke2 Nxb2 50.Kxe1 Nd3+  0-1

[Event "NK Rapid"]
[Site "Vlaardingen NED"]
[Date "2005.10.01"]
[Round "9"]
[White "De Vreugt,D"]
[Black "Welling,G"]
[Result "0-1"]
[WhiteElo "2448"]
[BlackElo "2399"]

1.e4 g6 2.d4 Bg7 3.Nc3 d6 4.Be3 a6 5.h4 h5 6.Nh3 b5 7.Ng5 Bb7 8.Qf3 Nh6 9.Bd3 Nd7
10.Ne2 e5 11.c3 O-O 12.Qg3 Qe7 13.d5 c6 14.dxc6 Bxc6 15.O-O Ng4 16.Bc2 Nxe3
17.Qxe3 Bh6 18.Qg3 Nc5 19.f3 Bxg5 20.hxg5 Ne6 21.Rad1 Nxg5 22.Bb3 Kg7 23.Rd2 Rad8
24.Rfd1 h4 25.Qf2 h3 26.Bd5 hxg2 27.Qxg2 Bxd5 28.Rxd5 Qf6 29.f4 Ne6 30.f5 Ng5
31.R1d3 Rh8 32.Nd4 Rh5 33.Nc6 Nxe4 34.Qxe4 Rg5+ 35.Kf2 Rxf5+ 36.Rf3 Rh8 37.Rxf5 gxf5
38.Qg2+ Kf8 39.Rd3 Qh4+ 40.Ke2 Qc4 41.Nb4 e4 42.Ke3 exd3 43.Nxd3 Qe4+ 44.Qxe4 fxe4
45.Kxe4 Ke7  0-1

[Event "Open A"]
[Site "Hamburg GER"]
[Date "2005.10.04"]
[Round "4"]
[White "Hedke,F"]
[Black "Maiwald,JU"]
[Result "0-1"]
[WhiteElo "2339"]
[BlackElo "2502"]

1.e4 d6 2.d4 g6 3.Nc3 Bg7 4.Nf3 Nf6 5.Be2 O-O 6.O-O Bg4 7.h3 Bxf3 8.Bxf3 Nc6
9.Be3 e5 10.dxe5 Nxe5 11.Be2 Re8 12.Qd2 Nc6 13.Bf3 Qe7 14.Rfe1 Qf8 15.Rad1 a6
16.a4 Rab8 17.b3 h6 18.g3 Kh7 19.Bg2 Qh8 20.Rf1 Re7 21.Nd5 Nxd5 22.exd5 Ne5
23.Qb4 Nd7 24.Rd3 b6 25.a5 b5 26.c4 Ne5 27.Rdd1 bxc4  0-1

[Event "Open A"]
[Site "Hamburg GER"]
[Date "2005.10.04"]
[Round "4"]
[White "Lingnau,D"]
[Black "Melde,C"]
[Result "1-0"]
[WhiteElo "1905"]
[BlackElo "2116"]

1.e4 g6 2.d4 Bg7 3.Nc3 d6 4.f4 a6 5.Nf3 b5 6.a3 Bb7 7.Bd3 Nd7 8.Ne2 c5 9.c3 Qc7
10.O-O e6 11.Be3 Ne7 12.Kh1 d5 13.e5 Nf5 14.Bf2 h5 15.Nh4 Bf8 16.Nxf5 gxf5
17.Bh4 Be7 18.Bxe7 Kxe7 19.dxc5 Qxc5 20.Nd4 h4 21.h3 Rag8 22.Rf3 Rg6 23.Qe1 Kd8
24.g4 hxg3 25.Rxg3 Rgh6 26.Qe3 Qe7 27.Rag1 Nf8 28.Kh2 Ng6 29.Bxf5 exf5 30.Nxf5 Qd7
31.Nxh6 Rxh6 32.f5 Qxf5 33.Qxh6 Qxe5 34.Qg5+  1-0

[Event "Open A"]
[Site "Hamburg GER"]
[Date "2005.10.04"]
[Round "4"]
[White "Bildat,J"]
[Black "Behling,H"]
[Result "1-0"]
[WhiteElo "2157"]
[BlackElo "2002"]

1.e4 d6 2.d4 g6 3.Nc3 Bg7 4.Be3 Nf6 5.Qd2 O-O 6.f3 c6 7.O-O-O b5 8.g4 a5
9.Bh6 b4 10.Nb1 Ba6 11.Ne2 Nbd7 12.h4 Bxh6 13.Qxh6 Kh8 14.h5 Ng8 15.Qe3 Bxe2
16.Bxe2 e6 17.f4 Qe7 18.g5 Rfe8 19.e5 d5 20.Bd3 Nf8 21.Nd2 a4 22.Nf3 Rec8
23.Nh4 Kg7 24.Qh3 c5 25.dxc5 Rxc5 26.hxg6 fxg6 27.Nxg6 hxg6 28.Qh8+ Kf7 29.Rh2 Rac8
30.Rdh1 Qc7 31.Rh7+ Nxh7 32.Rxh7+ Kf8 33.Rxc7 R5xc7 34.Bxg6 b3 35.axb3 axb3
36.c3 Ra8 37.Bh7 Ra1+ 38.Kd2 Rg7 39.Bxg8 Rxg8 40.Qf6+ Ke8 41.Qxe6+ Kf8 42.g6 Rg7
43.Qf6+  1-0

[Event "Vojvodina Quality League"]
[Site "Pancevo SCG"]
[Date "2005.10.04"]
[Round "2"]
[White "Mihalj,M"]
[Black "Vujadinovic,G"]
[Result "1/2-1/2"]
[WhiteElo "2313"]
[BlackElo "2358"]

1.e4 d6 2.d4 g6 3.Nc3 Bg7 4.Be2 Nc6 5.Be3 Nf6 6.h3 O-O 7.Nf3 e5 8.O-O exd4
9.Nxd4 Re8 10.Bf3 Ne5 11.Be2 Ned7 12.Bd3 Nc5 13.Qf3 c6 14.Nb3 Ne6 15.Rad1 Nd7
16.Qg3 Qc7 17.Be2 d5  1/2-1/2

[Event "Vojvodina Quality League"]
[Site "Pancevo SCG"]
[Date "2005.10.05"]
[Round "4"]
[White "Rogac,S"]
[Black "Vujadinovic,G"]
[Result "1/2-1/2"]
[WhiteElo "2327"]
[BlackElo "2358"]

1.e4 d6 2.d4 g6 3.Nc3 Bg7 4.Nf3 Nf6 5.Be2 O-O 6.O-O c6 7.h3 Qc7 8.Bg5 Nbd7
9.Qd2 b5 10.a3 a6 11.Rfe1 e5 12.dxe5 dxe5 13.Rad1 Re8 14.Bh6 Nc5 15.Bxg7 Kxg7
16.Bf1 Bb7 17.Qe3 Ne6 18.Ne2 c5 19.Qc3 Nxe4 20.Qxe5+ Qxe5 21.Nxe5 Rad8 22.f3 Nd2
23.Kf2 c4 24.Ng4 h5 25.Ne3 f5 26.Nc3 Nxf1  1/2-1/2

[Event "Lichtenrader Autumn"]
[Site "Berlin GER"]
[Date "2005.10.06"]
[Round "6"]
[White "Hannebauer,T"]
[Black "Friedrich,Wi"]
[Result "1-0"]
[WhiteElo "2181"]
[BlackElo "1944"]

1.e4 d6 2.d4 g6 3.Nc3 Bg7 4.Be3 Nf6 5.h3 O-O 6.f4 c6 7.Qd2 Qc7 8.e5 dxe5
9.fxe5 Nd5 10.Nxd5 cxd5 11.Bd3 Nc6 12.Ne2 a5 13.c3 b6 14.h4 Bg4 15.h5 Bxh5
16.Bh6 Qd7 17.O-O-O f5 18.Bxg7 Kxg7 19.Rde1 e6 20.Ng3 Qf7 21.Nxh5+ gxh5 22.Be2 Rg8
23.Rxh5 Kh8 24.g4 fxg4 25.Reh1 Ne7 26.Bd3 Nf5 27.Qf4 g3 28.Bxf5 exf5 29.e6 Qxh5
30.Rxh5 g2 31.Qe5+  1-0

[Event "Belgrade Premier League"]
[Site "Belgrade SCG"]
[Date "2005.10.07"]
[Round "7"]
[White "Nestorovic,N"]
[Black "Popovic,Al"]
[Result "0-1"]
[WhiteElo "2152"]
[BlackElo "2045"]

1.e4 d6 2.d4 g6 3.Nc3 Bg7 4.Bg5 a6 5.f4 Nd7 6.e5 Nf8 7.Bc4 Ne6 8.Bxe6 Bxe6
9.d5 Bc8 10.Qe2 Nh6 11.O-O-O Bg4 12.Nf3 Nf5 13.Rhe1 O-O 14.Qf2 f6 15.exf6 exf6
16.Bh4 Bxf3 17.gxf3 Nxh4 18.Qxh4 f5 19.Qf2 c5 20.dxc6 bxc6 21.Re6 d5 22.Qc5 Qb8
23.Qd6 Rc8 24.a3 d4 25.Na4 Qb5 26.Re7 Qb8 27.Qe6+ Kh8 28.Qf7 Qxf4+ 29.Kb1 Rg8
30.Nc5 Qxf3 31.Rd3 Qh1+ 32.Ka2 Raf8 33.Qe6 Rf6 34.Qd7 Qd5+ 35.Qxd5 cxd5 36.Rxd4 f4
37.Nd3 f3 38.Nf2 Rc6 39.Rd2 Bh6 40.Rxd5 Rxc2 41.Nd3 Rxh2 42.Rf7 Bg7 43.Rxf3 Rb8
44.Kb1 Bxb2 45.Nb4 Bxa3 46.Rxa3 Rxb4+ 47.Kc1 Rc4+ 48.Kb1 Rf4 49.Rd1 Rf6 50.Rc3 Kg7  0-1

[Event "2nd Bundesliga Ost 2005-6"]
[Site "Austria AUT"]
[Date "2005.10.08"]
[Round "1"]
[White "Schmid,T1"]
[Black "Sulyok,M"]
[Result "1/2-1/2"]
[WhiteElo "2117"]
[BlackElo "2205"]

1.e4 g6 2.d4 Bg7 3.Nc3 d6 4.f4 Nf6 5.Nf3 c5 6.dxc5 Qa5 7.Bd3 Qxc5 8.Qe2 Bg4
9.Be3 Qa5 10.O-O O-O 11.h3 Bxf3 12.Qxf3 Nc6 13.a3 Nd7 14.Bd2 Qd8 15.Kh1 e6
16.g4 Rc8 17.Rab1 a6 18.Ne2 Nc5 19.Bc3 d5 20.Bxg7 Kxg7 21.Rbd1 Qh4 22.exd5 exd5
23.Kg2 Rcd8 24.Bxg6 hxg6 25.Qc3+ Qf6 26.Qxc5 Rfe8 27.Nd4 Rc8 28.g5 Qd8 29.Nxc6 bxc6
30.Rde1 Qd7 31.Qd4+ Kg8 32.Re5 Rxe5 33.fxe5 c5 34.Qd3 c4 35.Qd4 Re8 36.Rf6 a5
37.Kg3 Re6 38.Qf4 d4 39.Rxe6 fxe6 40.Qe4 d3 41.Qxg6+ Kf8 42.cxd3 cxd3 43.Qh6+ Kg8
44.Qg6+ Kf8 45.Qh6+  1/2-1/2

[Event "2nd Bundesliga West 2005-6"]
[Site "Austria AUT"]
[Date "2005.10.08"]
[Round "1"]
[White "Pflug,M"]
[Black "Kroell,J"]
[Result "0-1"]
[WhiteElo "2221"]
[BlackElo "2191"]

1.e4 g6 2.d4 Bg7 3.Nc3 d6 4.Be3 Nd7 5.Bc4 a6 6.Nf3 e6 7.a4 Ne7 8.Qd2 h6 9.O-O b6
10.Bd3 Bb7 11.Ne2 Nf6 12.Ng3 Ng4 13.c3 O-O 14.Rfe1 Qc8 15.h3 Nxe3 16.Qxe3 c5
17.dxc5 bxc5 18.Bc2 Rb8 19.Qd2 Rd8 20.Rab1 c4 21.b4 cxb3 22.Rxb3 Ba8 23.Rxb8 Qxb8
24.Rb1 Qc7 25.Nd4 d5 26.Qe3 Rc8 27.Rb3 Qc4 28.Qd3 Bxd4  0-1

[Event "FSIMA October"]
[Site "Budapest HUN"]
[Date "2005.10.08"]
[Round "8"]
[White "Werner,Di"]
[Black "Pirisi,G"]
[Result "1-0"]
[WhiteElo "2376"]
[BlackElo "2294"]

1.d4 g6 2.e4 Bg7 3.Nc3 d6 4.Be3 Nd7 5.Nf3 c6 6.a4 e5 7.dxe5 dxe5 8.Nd2 Ngf6
9.Nc4 O-O 10.Be2 Ne8 11.Bc5 Nxc5 12.Qxd8  1-0

[Event "Open A"]
[Site "Hamburg GER"]
[Date "2005.10.08"]
[Round "8"]
[White "Ma,B"]
[Black "Behling,H"]
[Result "1/2-1/2"]
[WhiteElo "1863"]
[BlackElo "2002"]

1.e4 d6 2.d4 g6 3.Nc3 Bg7 4.Be3 Nf6 5.f3 h5 6.Qd2 c6 7.O-O-O Qc7 8.Nge2 Nbd7
9.f4 Ng4 10.Bg1 Nb6 11.h3 Nf6 12.e5 Nfd5 13.Nxd5 cxd5 14.Nc3 a6 15.Bd3 e6
16.Be3 Bd7 17.g4 Nc4 18.Bxc4 Qxc4 19.Qe2 Qc7 20.g5 Bc6 21.Kb1  1/2-1/2

[Event "Open A"]
[Site "Hamburg GER"]
[Date "2005.10.08"]
[Round "8"]
[White "Zaragatski,I"]
[Black "Mack,W"]
[Result "1-0"]
[WhiteElo "2376"]
[BlackElo "2224"]

1.e4 g6 2.d4 Bg7 3.Nc3 d6 4.Nf3 Nf6 5.Be2 O-O 6.O-O a6 7.a4 d5 8.e5 Ne4 9.Nxe4 dxe4
10.Ng5 c5 11.dxc5 Qc7 12.Nxe4 Qxe5 13.Bf3 Nc6 14.c3 Be6 15.Be3 Bc4 16.Re1 Rad8
17.Qc1 Qc7 18.Bh6 Ne5 19.Be2 Nd3 20.Bxd3 Rxd3 21.Bxg7 Kxg7 22.Qc2 Rfd8 23.b3 Be6
24.Rad1 Rxd1 25.Rxd1 Rxd1+ 26.Qxd1 Qe5 27.Qd4 Qxd4 28.cxd4 Bxb3 29.a5 Kf8
30.f4 Ke8 31.Kf2 Kd7 32.g4 f6 33.Ke3 Be6 34.g5 f5 35.Nc3 Kc6 36.Kd3 Bb3 37.Kd2 Bd5
38.Kc2 Be4+ 39.Kb3 Bg2 40.Kc4 Bf1+ 41.Kb4 Bd3 42.d5+ Kd7 43.Na4 Ke8 44.Kc3 Be4
45.Kd4 Bg2 46.Ke5 Kf7 47.Nb6 Bf3 48.Nc8 Bg2 49.Na7 Ke8 50.Nc8 Kf7 51.d6 e6  1-0

[Event "2nd Bundesliga West 2005-6"]
[Site "Austria AUT"]
[Date "2005.10.09"]
[Round "2"]
[White "Jedinger,A"]
[Black "Natter,M"]
[Result "1-0"]
[WhiteElo "2128"]
[BlackElo "2117"]

1.e4 g6 2.d4 Bg7 3.Nc3 d6 4.Be3 a6 5.h3 b5 6.g4 b4 7.Nce2 Bb7 8.Bg2 Nd7 9.Ng3 c5
10.N1e2 Qc7 11.O-O Nb6 12.b3 Nf6 13.Qd2 O-O 14.Bh6 Rac8 15.Bxg7 Kxg7 16.Qg5 Ng8
17.Rad1 h6 18.Qe3 e5 19.dxe5 dxe5 20.f4 Rcd8 21.f5 Qe7 22.Rxd8 Rxd8 23.g5 Nd7
24.f6+ Ndxf6 25.gxf6+ Nxf6 26.c3 a5 27.Rc1 Rc8 28.Rd1 Nd7 29.Qd2 Nf8 30.Bf3 h5
31.Bxh5 Ne6 32.Bg4 Rd8 33.Qc1 Ng5 34.Rxd8 Qxd8 35.Qe3 Nxe4 36.Nxe4 Qd1+ 37.Kf2 bxc3
38.N4xc3 Qh1 39.Qxe5+ f6 40.Qg3  1-0

[Event "5th ch-Asian"]
[Site "Hyderabad IND"]
[Date "2005.10.09"]
[Round "4"]
[White "Al Modiahki,M"]
[Black "Li Shilong"]
[Result "0-1"]
[WhiteElo "2568"]
[BlackElo "2510"]

1.e4 g6 2.d4 Bg7 3.Nc3 d6 4.Be3 a6 5.Qd2 b5 6.a4 b4 7.Nce2 a5 8.c3 Nf6 9.f3 Na6
10.Ng3 O-O 11.h4 h5 12.Bb5 c5 13.N1e2 bxc3 14.bxc3 cxd4 15.cxd4 Nb4 16.O-O e6
17.Bg5 Qb6 18.Be3 Qd8 19.Bg5 Ba6 20.Bxa6 Rxa6 21.Kh2 Qd7 22.Bh6 Nh7 23.Bxg7 Kxg7
24.Rfc1 Qe7 25.Kh3 e5 26.d5 Raa8 27.Nf1 f5 28.exf5 gxf5 29.Nfg3 Qf7 30.Kh2 Rad8
31.f4 Nxd5 32.Nxf5+ Qxf5 33.Qxd5 Nf6 34.Qxa5 Ng4+ 35.Kh1 Kh8 36.Rf1 Qd3 37.Qe1 Rg8
38.Rf3 Qg6 39.f5 Qf6 40.g3 d5 41.Nc3 e4 42.Rf4 Ne5 43.Rd1 Nf3 44.Rxf3 exf3
45.Qe6 Qxe6 46.fxe6 Rxg3 47.Ne4 Rh3+ 48.Kg1 Rg8+ 49.Kf2 dxe4  0-1

[Event "5th ch-Asian"]
[Site "Hyderabad IND"]
[Date "2005.10.10"]
[Round "5"]
[White "Sadvakasov,D"]
[Black "Dzhumaev,M"]
[Result "1-0"]
[WhiteElo "2612"]
[BlackElo "2507"]

1.e4 g6 2.d4 Bg7 3.Nc3 d6 4.f4 Nf6 5.Nf3 O-O 6.Be3 b6 7.Qd2 c5 8.d5 Bb7 9.O-O-O Na6
10.e5 Ng4 11.h3 Nxe3 12.Qxe3 c4 13.h4 b5 14.h5 b4 15.Ne4 c3 16.hxg6 fxg6
17.Rxh7 Qb6 18.Qd3 Qa5 19.Nf6+ exf6 20.Qxg6 Qc7 21.Bd3  1-0